000 00414nam a2200157Ia 4500
008 210210b1975 xxu||||| |||| 00| 0 eng d
082 _a546 THAP
100 _aTHATTE (M M) & PANDIT (B R).
245 _aProgressive inorganic chemistry.Ed 5.
250 _a
260 _aPune
_bP V G Prakashan
_c1975
300 _avi,1290
650 _aInorganic Chemistry
690 _aInorganic Chemistry
906 _aCC00257
999 _c109569
_d109569